Wrestlemania Iconic Entrances by Picture - Statistics

General Stats
  • This quiz has been taken 227 times
  • The average score is 17 of 18
Answer Stats
Picture Answer % Correct
John Cena
100%
The Undertaker
99%
Shawn Michaels
97%
Ric Flair
96%
Stone Cold Steve Austin
96%
Andre The Giant
95%
The New Day
95%
Triple H
95%
Kane
94%
Rhea Ripley
93%
Triple H
93%
Charlotte Flair
92%
Randy Savage
92%
Shawn Michaels
92%
Shinsuke Nakamura
91%
Miz & Morrison
90%
The Undertaker
89%
Edge
83%
No matching quizzes found
Score Distribution
Percent of People with Each Score
Percentile by Number Answered
Your Score History
You have not taken this quiz